| 000 | 00783nam a22002057a 4500 | ||
|---|---|---|---|
| 003 | JO-AjAnu | ||
| 005 | 20251018122158.0 | ||
| 008 | 251018b jo ||||| |||| 00| 0 ara d | ||
| 020 | _a978-603-91399-5-9 | ||
| 022 | _a1446/9153 | ||
| 040 |
_aANU _cJO-AjAnu |
||
| 041 | _hARA | ||
| 100 |
_aالجبالي، محمد احمد محمد _eمؤلف _966858 |
||
| 245 |
_aمستوى القراءة في محافظة الغاط ودور دار الرحماينة في تنشيطها لدى افراد المجتمع _c / محمد احمد محمد الجبالي |
||
| 250 | _aط 1 | ||
| 260 |
_aالرياض : _bمركز عبد الرحمن السديري الثقافي، _c2025 |
||
| 300 | _a165 صفحة | ||
| 650 | _vالقراءة-دراسة وتدريس | ||
| 942 |
_2lcc _cBK _n0 |
||
| 999 |
_c34111 _d34111 |
||